States in the Ohio River Watershed - Statistics

General Stats
  • This quiz has been taken 53 times
  • The average score is 13 of 15
Answer Stats
State % Correct
Ohio
98%
Kentucky
96%
Indiana
93%
Pennsylvania
93%
West Virginia
93%
Illinois
91%
Tennessee
91%
Virginia
91%
North Carolina
87%
South Carolina
87%
Alabama
82%
Georgia
80%
New York
80%
Maryland
78%
Mississippi
78%
No matching quizzes found
Score Distribution
Percent of People with Each Score
Percentile by Number Answered
Your Score History
You have not taken this quiz